| 000 | 00345cam a22001217a 4500 | ||
|---|---|---|---|
| 008 | 180718b1966 xxu||||| |||| 00| 0 eng d | ||
| 082 | _aRx54 G346 | ||
| 100 | _aGhosh, Subratesh | ||
| 245 |
_aIndian labour in the phase of industrialization _cby Subratesh Ghosh |
||
| 260 |
_aCalcutta _bNew Age _c1966 |
||
| 300 | _a194p. | ||
| 650 | _aLabour - India | ||
| 999 |
_c366323 _d366323 |
||